000 01414naa a22003377a 4500
001 BR8708054
003 BR-BrBNA
005 20240918175913.0
007 ta
008 230509b bl.||||| |||| 00| 0 por d
040 _aBR-BrBNA
_bpor
_cBiblioteca Nacional de Agricultura
041 _a(Pt)
072 _aL72; L73
_b5212
_b5240
_b4060
_b3887
_bG514
090 _aL72 BR8708054
100 1 _aUeno, H.
111 1 _a3. Seminario Brasileiro de Parasitologia Veterinaria
_cBalneario Camboriu, SC (Brazil)
_d18-23 Oct 1982
245 1 _aFasciolose dos ruminantes no Rio Grande do Sul
246 1 _a[Ruminants' helminthoses in Rio Grande do Sul]
246 1 _a[Annals of the 3. Brazilian Seminary on Veterinary Parasitology]
260 3 _aBrasilia, DF (Brasil):
_c1985.
500 _aBeck, A.A.H. (ed.) Anais do 3. Seminario Brasileiro de Parasitologia Veterinaria Brasilia, DF (Brasil): 1985. p. 43-54 (BR8708054-AM)L72
650 _aBOVINO
650 _aOVINO
650 _aPARASITO DE ANIMAL
650 _aFASCIOLOSE
650 _aANTI-HELMINTICO
650 _aRIO GRANDE DO SUL
773 0 _tAnais do 3. Seminario Brasileiro de Parasitologia Veterinaria
_aBeck, A.A.H. (ed.). Empresa Brasileira de Pesquisa Agropecuaria, Brasilia, DF (Brasil). Depto. de Difusao de Tecnologia
_wL72 BR8708054
_gBrasilia, DF (Brasil), 1985. p. 43-54
909 _a202404
_bLucia
_c55
_dLucia Elande
942 _cAM
_2AGRIS
999 _c318683
_d318683